000 00524nam a2200181Ia 4500
999 _c30756
_d30756
003 OSt
005 20200803123331.0
008 190216s9999||||xx |||||||||||||| ||und||
040 _coclc
082 _a516.36
_bGUP/T
100 _aGupta, P P
_93914
245 0 _aThree Dimensional Differential Geometry /
_cP P Gupta ; G S Malik
250 _a1st Ed.
260 _bPragathi Prakashan,
_c1984.
_aMeerut:
300 _a370p
650 _aMathematics
942 _cBK
_2ddc
_h516.36
_iGUP/T
_k516.36
_mGUP/T